Geography Knowledge Hidden Clue Chain - Statistics

General Stats
  • This quiz has been taken 270 times
  • The average score is 15 of 24
Answer Stats
Clue Answer % Correct
Country where you can visit Machu Picchu Peru
100%
River that runs through Paris Seine
87%
Smallest island country Nauru
77%
Countries that end in -stan Afghanistan
72%
Countries that end in -stan Pakistan
70%
Countries that end in -stan Uzbekistan
70%
Countries that end in -stan Kazakhstan
69%
Countries that end in -stan Kyrgyzstan
69%
Countries that end in -stan Turkmenistan
68%
Countries that end in -stan Tajikistan
67%
Lake bordering Kenya, Uganda, and Tanzania Lake Victoria
65%
Oldest active volcano on Earth Mt. Etna
65%
Country whose capital is Rabat Morocco
64%
Birth country of Nelson Mandela South Africa
61%
Largest Canadian province Ontario
59%
Country with the most natural lakes Canada
55%
North American Mt. range over 3000 miles long Rocky Mountains
53%
Deepest point in Earth's oceans Mariana Trench
51%
Countries who are enclaves Vatican City
49%
Countries who are enclaves San Marino
46%
Largest currently communist country China
45%
Capital of Indonesia Jakarta
45%
Smallest of the world's ocean basins Arctic Ocean
43%
Countries who are enclaves Lesotho
43%
No matching quizzes found
Score Distribution
Percent of People with Each Score
Percentile by Number Answered
Your Score History
You have not taken this quiz